Pressures for Reform in the East European Economies

Gespeichert in:
Bibliographische Detailangaben
Format: Buch
Sprache:Englisch
Veröffentlicht: Washington U.S. Government Printing Office 1989
Ausgabe:1. ed.
Schriftenreihe:Study Papers Submitted to the Joint Economic Committee Congress of the United States
Schlagworte:
Tags: Tag hinzufügen
Keine Tags, Fügen Sie das erste Tag hinzu!

MARC

LEADER 00000nam a2200000 4500
001 c016163
005 20221206131546.7
041 0 |a eng 
044 |a US 
245 1 0 |a Pressures for Reform in the East European Economies 
250 |a 1. ed. 
264 1 |a Washington  |b U.S. Government Printing Office  |c 1989 
300 |a 633 s. 
490 1 |a Study Papers Submitted to the Joint Economic Committee Congress of the United States 
830 0 |a Study Papers Submitted to the Joint Economic Committee Congress of the United States 
610 2 0 |a reformy hospodárske 
610 2 0 |a východná Európa 
610 2 0 |a organizácie ekonomické medzinárodné